Business and industrial laws : (Record no. 66682)

MARC details
000 -LEADER
fixed length control field 00851nam a22002297a 4500
005 - DATE AND TIME OF LATEST TRANSACTION
control field 20120411115531.0
008 - FIXED-LENGTH DATA ELEMENTS--GENERAL INFORMATION
fixed length control field 120411t xxu||||| |||| 00| 0 eng d
010 ## - LCCN (DPL NO)
LC control number ENG-105310
020 ## - INTERNATIONAL STANDARD BOOK NUMBER
International Standard Book Number 9788125953074
Terms of availability 200.00
035 ## - SYSTEM CONTROL NUMBER
System control number EN-88843
037 ## - SOURCE OF ACQUISITION
Source of stock number/acquisition DBAD/PUB
040 ## - CATALOGING SOURCE
Original cataloging agency DPL
Language of cataloging Eng
082 ## - DEWEY DECIMAL CLASSIFICATION NUMBER
Classification number 344.4201
100 ## - MAIN ENTRY--PERSONAL NAME
9 (RLIN) 44715
Personal name Kuchhal, M.C.
245 ## - TITLE STATEMENT
Title Business and industrial laws :
Statement of responsibility, etc by M.C.Kuchhal
Remainder of title a text book for B.com.semester II, University of Delhi /
250 ## - EDITION STATEMENT
Edition statement 2nd rev. ed
260 ## - PUBLICATION, DISTRIBUTION, ETC. (IMPRINT)
Place of publication, distribution, etc Noida
Name of publisher, distributor, etc Vikas Publishing House
Date of publication, distribution, etc 2012
270 ## - ADDRESS
Address E-28,Sector-8,
City Noida
Postal code 201301
300 ## - PHYSICAL DESCRIPTION
Extent viii,303p.
Dimensions 22cm(pbk)
942 ## - ADDED ENTRY ELEMENTS (KOHA)
Source of classification or shelving scheme Dewey Decimal Classification
Item type English Books
Call number suffix KUC
Classification part 344.4201
Holdings
Withdrawn status Lost status Source of classification or shelving scheme Damaged status Not for loan Collection code Home library Current library Date acquired Source of acquisition Cost, normal purchase price Total Checkouts Full call number Barcode Date last seen Copy number Cost, replacement price Koha item type
    Dewey Decimal Classification   Not For Loan Non-fiction D.B.Act.Division D.B.Act.Division 15/05/2012 DBAD / PUB 200.00   344.4201 KUC EN-88843 15/05/2012 1 200.00 English Books

© Delhi Public Library
Hit Counter
free hit counter